Danny boy
| Main Author: | |
|---|---|
| Format: | Book |
| Published: |
London :
Hodder Children's Books ,
2000
|
| Subjects: |
MARC
| LEADER | 00000cam a2200000 7i4500 | ||
|---|---|---|---|
| 001 | 0000047338 | ||
| 005 | 20010730.0 | ||
| 020 | |a 0340757299 | ||
| 090 | 0 | 0 | |a JF |b OLD |
| 100 | 1 | |a Oldfield, Jenny | |
| 245 | 1 | 0 | |a Danny boy |c Jenny Oldfield |
| 260 | |a London : |b Hodder Children's Books , |c 2000 | ||
| 300 | |a 154p. ; |c 20cm. | ||
| 650 | 0 | 0 | |a Children's stories |
| 999 | |a 00107226 |b BUKU |c PINJAMAN |e PERPUSTAKAAN KOMUNITI PETALING JAYA | ||